000 00482nam a2200157 a 4500
001 000032368
005 20200930065614.0
008 110714s1922 dr 000 0 spa d
040 _aDO-SdBNP
_bspa
_cBNPHU
082 _axxx
_bM516
100 1 _aMejía, Felix E.
_958358
245 1 0 _aAl rededor y en contra del plan Hughes-Peynado /
_cFelix E. Mejía.
260 _a[Santo Domingo] :
_bImprenta La Gran Libreria Selecta,
_c1922.
300 _axviii, 196p. ;
_c23 cm.
049 _aBNPD
999 _c31859
_d31859